000 00478nam a2200217Ia 4500
003 0100
008 130303s9999 xx 000 0 und d
020 _a187416617X
040 _cARRUPELIB
050 _aB3376.W564H35 1996
100 _aHeaton, John M
245 _aIntroducing Wittgenstein
260 _aNew York
260 _bTotem Books
260 _C1996
300 _a175p.
300 _b 21cm
650 _aPHILOSOPHY
700 _aGroves, Judy
942 0 0 _01
999 _c7693
_d7693